Návrh opatrení v oblasti odpisovania dlhodobého hmotného a nehmotného majetku v podniku ZVS holding, a.s.

Guardado en:
Detalles Bibliográficos
Autor principal: Kázmérová, Veronika, 1990- (Autor)
Otros Autores: Horváthová, Martina, 1971- (Orientador)
Formato: Manuscrito Libro
Lenguaje:eslovaco
Publicado: Trnava : STU v Bratislave MTF UPMK, 2012
Materias:
Acceso en línea:VAIS
Etiquetas: Agregar Etiqueta
Sin Etiquetas, Sea el primero en etiquetar este registro!

MARC

LEADER 00000ntm a22000003a 4500
001 stu251169
005 20150617230227.3
008 120719s2012----xo------------------slo-d
040 |a STU  |b slo 
041 0 |a slo 
044 |a xo 
100 1 |a Kázmérová, Veronika,  |d 1990-  |4 aut  |u M  |T MTF Materiálovotechnologická fakulta  |X 66620  |U M  |Y 60  |7 A000066620 
242 0 0 |a Proposed measures of depreciation of tangible and intangible assets in business ZVS holding, a.s.  |y eng 
245 1 |a Návrh opatrení v oblasti odpisovania dlhodobého hmotného a nehmotného majetku v podniku ZVS holding, a.s.  
260 |a Trnava :  |b STU v Bratislave MTF UPMK,  |c 2012 
300 |a 60s  |c CD ROM 
650 7 |a priemyselné manažérstvo  |2 stusub 
650 7 |a Industrial Management  |2 estusub 
700 1 |a Horváthová, Martina,  |d 1971-  |4 ths  |u M4000  |U MTF Materiálovotechnologická fakulta  |T MTF Ústav priemyselného inžinierstva a manažmentu  |X 1507  |U M4000  |Y 84  |7 A000001507 
856 4 |a info a plný text  |u http://is.stuba.sk/zp/portal_zp.pl?podrobnosti=66738  |3 VAIS 
996 |c M*BP-5687  |l MMSKP  |s P  |a 0  |w stu251169_0001